Welcome to WEB OPAC of MRSPTU Central Library

Quantum Chemistry (Record no. 5443)

MARC details
000 -LEADER
fixed length control field 00386nam a2200169Ia 4500
008 - FIXED-LENGTH DATA ELEMENTS--GENERAL INFORMATION
fixed length control field 230711s9999||||xx |||||||||||||| ||und||
020 ## - INTERNATIONAL STANDARD BOOK NUMBER
International Standard Book Number 978-93-325-5853-3
041 ## - LANGUAGE CODE
Language code of text/sound track or separate title ENG
082 ## - DEWEY DECIMAL CLASSIFICATION NUMBER
Classification number 541.28
Item number LE-Q
100 ## - MAIN ENTRY--PERSONAL NAME
Personal name Levine,Ira N
245 #0 - TITLE STATEMENT
Title Quantum Chemistry
250 ## - EDITION STATEMENT
Edition statement 7th . Ed.
260 ## - PUBLICATION, DISTRIBUTION, ETC.
Date of publication, distribution, etc. 2016
Place of publication, distribution, etc. New Delhi
Name of publisher, distributor, etc. Pearson
300 ## - PHYSICAL DESCRIPTION
Extent 706p.
650 ## - SUBJECT ADDED ENTRY--TOPICAL TERM
Topical term or geographic name entry element Chemistry
942 ## - ADDED ENTRY ELEMENTS (KOHA)
Koha item type Book
Holdings
Withdrawn status Lost status Damaged status Not for loan Collection Home library Current library Date acquired Cost, normal purchase price Inventory number Total checkouts Full call number Barcode Date last seen Price effective from Koha item type Date last checked out
          MRSPTU Central Library MRSPTU Central Library   649.00 51542508   541.28 LE-Q 20641 08/17/2023 08/17/2023 Book  
          MRSPTU Central Library MRSPTU Central Library         541.28 LE-Q 20705 08/17/2023 08/17/2023 Book  
          MRSPTU Central Library MRSPTU Central Library       1 541.28 LE-Q 20706 09/05/2023 08/17/2023 Book 08/30/2023
          MRSPTU Central Library MRSPTU Central Library       2 541.28 LE-Q 20707 10/20/2023 08/17/2023 Book 09/06/2023
          MRSPTU Central Library MRSPTU Central Library       1 541.28 LE-Q 20708 01/03/2025 08/17/2023 Book 11/29/2024
          MRSPTU Central Library MRSPTU Central Library   649.00 51542508   541.28 LE-Q 31335 08/17/2023 08/17/2023 Book  
          MRSPTU Central Library MRSPTU Central Library   649.00 51542508   541.28 LE-Q 31336 08/17/2023 08/17/2023 Book  
          MRSPTU Central Library MRSPTU Central Library   649.00 51542508   541.28 LE-Q 31337 08/17/2023 08/17/2023 Book  
          MRSPTU Central Library MRSPTU Central Library   649.00 51542508   541.28 LE-Q 31338 08/17/2023 08/17/2023 Book  
          MRSPTU Central Library MRSPTU Central Library   649.00 51542508   541.28 LE-Q 31339 08/17/2023 08/17/2023 Book  
          MRSPTU Central Library MRSPTU Central Library         541.28 LE-Q 34640 08/17/2023 08/17/2023 Book  
          MRSPTU Central Library MRSPTU Central Library         541.28 LE-Q 34641 08/17/2023 08/17/2023 Book  
          MRSPTU Central Library MRSPTU Central Library         541.28 LE-Q 34642 08/17/2023 08/17/2023 Book  
          MRSPTU Central Library MRSPTU Central Library       1 541.28 LE-Q 34643 09/20/2024 08/17/2023 Book 09/12/2024

Website Designed and Developed by MRSPTU Central Library Team

E-mail Id: librarian@mrsptu.ac.in